La madre / (Registro nro. 10691)

Detalles MARC
000 -LIDER
fixed length control field 00789nam a22002777a 4500
001 - NÚMERO DE CONTROL
Identificador de número de control 000355
003 - IDENTIFICACDOR DE NÚMERO DE CONTROL
control field DO-SdBPM
005 - DATE AND TIME OF LATEST TRANSACTION
control field 20250211104703.0
007 - CAMPOS FIJOS DE DESCRIPCIÓN FÍSICA
fixed length control field 000355
008 - ELEMENTOS DE LONGITUD FIJA
fixed length control field 160705b2009 p ||| 00| 0 spa d
020 ## - ISBN
International Standard Book Number 9786034026049
040 ## - FUENTE DE CATALOGACIÓN
Agencia que crea de manera original el registro DO-SdBPM
Idioma de catalogación spa
Agencia que realiza la transcripción BPMSU
082 #4 - NÚMERO DE CLASIFICACIÓN DECIMAL DE DEWEY
Classification number 891.74
Item number G669m 2009
Edition number 22
100 1# - ASIENTO PRINCIPAL -- NOMBRE PERSONAL
Nombre personal Gorki, Máximo
Fechas asociadas con el nombre 868-1936.
245 13 - MENCIÓN DE TITULO
Título La madre /
Mención de responsabilidad Máximo Gorki.
260 ## - PUBLICACIÓN, DISTRIBUCIÓN, ETC. (PIE DE IMPRENTA)
Lugar de publicación, distribución, etc Lima, Perú :
Nombre del editor, distribuidor, etc. Didáctica,
Fecha de publicación, distribución, etc 2009.
300 ## - DESCRIPCIÓN FÍSICA
Extensión 190 p. :
Otros detalles físicos il. ;
Dimensiones 17 cm.
490 0# - MENCIÓN DE SERIES
Mención de serie Biblioteca básica escolar
590 ## - NOTA LOCAL
Texto de la nota local Inventariado, 2025/VM
600 ## - ENCABEZAMIENTO DE MATERIA--NOMBRE PERSONAL
Fuente del encabezado o término
650 #4 - ENCABEZAMIENTO DE MATERIA--TEMÁTICO
Término temático o nombre geográfico como elemento de entrada Literatura rusa
Subdivisión cronológica Siglo XX.
650 #4 - ENCABEZAMIENTO DE MATERIA--TEMÁTICO
Término temático o nombre geográfico como elemento de entrada Novela rusa.
651 ## - ENCABEZAMIENTO DE MATERIA--NOMBRE GEOGRÁFICO
Nombre geográfico Rusia
Subdivisión temática general Historia
Subdivisión cronológica Revolución, 1917-1921
910 ## - VALIDACIÓN
Validación VMateo V. Control de calidad. BPMSU
942 ## - ADDED ENTRY ELEMENTS (KOHA)
Source of classification or shelving scheme Dewey Decimal Classification
Koha item type Libros
Existencias
Withdrawn status Lost status Source of classification or shelving scheme Damaged status Not for loan Collection code Home library Current library Date acquired Source of acquisition Total Checkouts Full call number Barcode Date last seen Price effective from Koha item type Copy number
    Dewey Decimal Classification     Colección Juvenil General Biblioteca Pública Metropolitana Salomé Ureña Biblioteca Pública Metropolitana Salomé Ureña 07/05/2016 COMPRA   BPMSU CJG 891.74 G669m 2009 BPMSU16070079 07/05/2016 07/05/2016 Libros  
    Dewey Decimal Classification     Colección Juvenil General Biblioteca Pública Metropolitana Salomé Ureña Biblioteca Pública Metropolitana Salomé Ureña 07/05/2016 COMPRA   BPMSU CJG 891.74 G669m 2009 BPMSU16070080 07/05/2016 07/05/2016 Libros e.2
    Dewey Decimal Classification     Colección Juvenil General Biblioteca Pública Metropolitana Salomé Ureña Biblioteca Pública Metropolitana Salomé Ureña 07/05/2016 Compra   BPMSU CJG 891.74 G669m 2009 BPMSU16070081 07/05/2016 07/05/2016 Libros e.3